| 000 | 00389nam a2200145 4500 | ||
|---|---|---|---|
| 001 | 122267 | ||
| 003 | ES-MaACL | ||
| 007 | t| | ||
| 008 | 070214s1916 fr r ||||1| fre d | ||
| 100 | 1 |
_aPourtalès, Guy de. _993466 |
|
| 245 | 1 | 0 |
_aA mes amis suisses / _cGuy de Pourtalès. |
| 260 |
_aParis : _bGeorges Gres et Cie., _c1916. |
||
| 300 |
_a100 p. ; _c15 cm. |
||
| 852 |
_aES-MaACL _jG-2037 |
||
| 999 |
_c122267 _d122267 |
||